00553nam a2200241Ia 450000500170000000800460001702000180006303700100008104000080009104000080009904000080010704100080011504100080012308400080013110000160013924500250015524500330018026000230021326000090023636500050024536500080025085600530025820260324130055.0008 260324s9999 xx 000 0 eng d a9781315133379 aEBOOK aCRL beng cCRL 2eng aeng qCRL aR. T. Allen 4aThe Necessity of God 0bOntological Claims Revisited bTaylor and Francis c2008 a b230 uhttp://www.taylorfrancis.com/books/9781315133379